L'instruction publique en Anglaterre / (Record no. 155464)

MARC details
000 -LEADER
campo de control de longitud fija 00638nam a2200181 i 4500
001 - NÚMERO DE CONTROL
campo de control 155464
003 - IDENTIFICADOR DE NÚMERO DE CONTROL
campo de control ES-MaACL
005 - FECHA Y HORA DE LA ÚLTIMA TRANSACCIÓN
campo de control 20251015063138.0
008 - DATOS DE LONGITUD FIJA--INFORMACIÓN GENERAL
campo de control de longitud fija 981130s1872 fr |||| | fre d
100 1# - ENTRADA PRINCIPAL--NOMBRE DE PERSONA
Nombre de persona Hippeau, Celestin,
Fechas asociadas al nombre 1803-1883
9 (RLIN) 127994
245 12 - MENCIÓN DEL TÍTULO
Título L'instruction publique en Anglaterre /
Mención de responsabilidad, etc. par C. Hippeau.
260 ## - PUBLICACIÓN, DISTRIBUCIÓN, ETC.
Lugar de publicación, distribución, etc. Paris :
Nombre del editor, distribuidor, etc. Didier et Cie.,
Fecha de publicación, distribución, etc. 1872 (
Fabricante Imp. Viéville et Capiomont)
300 ## - DESCRIPCIÓN FÍSICA
Extensión 138 p. ;
Dimensiones 17 cm.
650 #7 - PUNTO DE ACCESO ADICIONAL DE MATERIA--TÉRMINO DE MATERIA
Término de materia o nombre geográfico como elemento de entrada Educación-
Subdivisión geográfica Gran Bretaña
Fuente del encabezamiento o término
9 (RLIN) 168380
752 ## - ENTRADA AGREGADA--NOMBRE JERÁRQUICO DEL LUGAR
País o entidad superior Francia -
Ciudad París
852 ## - LOCALIZACIÓN
Ubicación ES-MaACL
Número de control de estantería D-3097
Nota libre - Enc. hol.
-- - Posible duplicado del CCPB000337106-9
Holdings
Estatus retirado Estado de pérdida Estado de daño No para préstamo Colección Biblioteca de origen Biblioteca actual Ubicación en estantería Fecha de adquisición Fuente de adquisición Total de préstamos Signatura topográfica completa Código de barras Visto por última vez Precio de reemplazo Tipo de ítem Koha
        Libros del s. XIX Biblioteca del Ateneo de Madrid Biblioteca del Ateneo de Madrid Sala Valle Inclán 17/01/2008     D-3097 901162620 23/02/2023 23/02/2023 Libro impreso antiguo